000 00837nam a2200253Ia 4500
003 OSt
005 20220923213339.0
006 a|||||r|||| 00| 0
007 ta
008 220922b |||||||| |||| 00| 0 hin d
024 _a160,989
037 _cTextual
040 _aARTS
_cARTS
_bhin
041 _2hin
_ahin
082 _aO152,2M80,SN, K7;L3
100 _aप्रेमचन्द
245 0 _aसंग्राम
_b एक सामाजिक नाटक
246 _aSangrāma: ek sāmājik nāṭaka
260 _aइलाहाबाद
_b सरस्वती प्रकाशन
_c1973
300 _a198 पृ.
_ccm.
650 _aहिन्दी साहित्य
_9156264
942 _hO152,2M80,SN, K7;L3
_cTEXL
_2CC
999 _c315667
_d315667